000 00715nam a2200241 a 4500
005 20260322212100.0
008 data
010 _a 95068998
020 _a1878542893
020 _a9781878542892
040 _aDLC
_cDLC
050 0 0 _aHF5381
_b.C318 1995
082 0 0 _a650.14
_220
092 _a650.14 C318 1995
100 1 _aCaroselli, Marlene.
245 1 0 _aPromoting yourself :
_b50 ways to increase your prestige, power, and paycheck /
_cMarlene Caroselli.
260 _aMission, Kan. :
_bSkillPath Publications,
_cc1995.
300 _aviii, 137 p. :
_bill. ;
_c23 cm.
504 _aIncludes bibliographical references (p. 135-137).
650 0 _aCareer development.
650 0 _aPromotions.
001 data
999 _c1450
_d1450